Software engineering /

Guardado en:
Autor Principal: Sommerville, Ian, 1951-
Formato: Libro
Idioma:English
Publicado: Harlow, England ; New York : Addison-Wesley, 2007.
Edición:8th ed.
Series:International computer science series
Materias:
Etiquetas: Agregar Etiqueta
Sin Etiquetas, Sea el primero en etiquetar este registro!
LEADER 00760cam a2200229 a 4500
001 DCC.dcic001050
008 060406s2007####enka#####b####001#0#eng##
005 20151125140509.0
245 1 0 |a Software engineering /  |c Ian Sommerville. 
250 |a 8th ed. 
260 |a Harlow, England ;  |a New York :  |b Addison-Wesley,  |c 2007. 
300 |a xxiii, 840 p. :  |b il. ;  |c 24 cm. 
440 0 |a International computer science series 
504 |a Incluye referencias bibliográficas (p. [806]-823) e índices. 
020 |a 0321313798 
100 1 |a Sommerville, Ian,  |d 1951- 
082 0 0 |a 005.1  |2 22 
650 0 |a Software engineering. 
010 |a  2006042861 
040 |a DLC  |c DLC  |d YDXCP  |d BAKER  |d OCLCQ  |d DLC 
050 0 0 |a QA76.758  |b .S657 2007 
859 |a DCIC  |b BIB. COMPUTACION  |p 1476